000 00393nam a2200157 i 4500
001 bg
100 1 _aKLAMUT, Jan
245 0 _aWstęp do fizyki przejść fazowych /
_cJ. Klamut, K. Durczewski, J. Sznajd.
700 1 _aDURCZEWSKI, Krzysztof
700 1 _aSZNAJD, Józef
040 _cBPK
041 _apol
080 _a536.7
942 _cKS
008 s pl f |000 0 pol
999 _c18683
_d18683
856 _uhttp://koha.tu.koszalin.pl/cgi-bin/koha/opac-detail.pl?biblionumber=18683
_yKatalog online BPK